[Event "SVK-chT2D 2122"]
[Site "Slovakia"]
[Date "2022.03.26"]
[Round "8.5"]
[White "Matirko, Ervin"]
[Black "Horvath, Marek1111"]
[Result "1-0"]
[WhiteElo "1751"]
[BlackElo "1557"]
[PlyCount "55"]
[EventDate "2021.10.16"]
[EventType "team-tourn"]
[EventRounds "11"]
[EventCountry "SVK"]
[SourceTitle "EXT 2023"]
[Source "ChessBase"]
[SourceDate "2022.10.05"]
[SourceVersion "1"]
[SourceVersionDate "2022.10.05"]
[SourceQuality "1"]
[WhiteTeam "Moldava nad Bodvou"]
[BlackTeam "Presov Slavia PU"]
[WhiteTeamCountry "SVK"]
[BlackTeamCountry "SVK"]

1. d4 d5 2. c4 e6 3. Nc3 Nf6 4. Bg5 Be7 5. e3 0-0 6. Nf3 b6 7. cxd5 Nxd5 8. Bxe7 Nxe7 9. Bd3 Bb7 10. 0-0 Ng6 11. Rc1 Nd7 12. Qe2 c5 13. Ne4 cxd4 14. Nxd4 Nde5 15. Bb1 Qe7 16. f4 Nd7 17. Rc7 Bxe4 18. Bxe4 Qd8 19. Rc2 Rc8 20. Rxc8 Qxc8 21. Qh5 Nf6 22. Qf3 Nh4 23. Qg3 Nxe4 24. Qxh4 Qc5 25. f5 exf5 26. Nxf5 Re8 27. Qg4 Qe5 28. Nh6+ 1-0

[Event "SVK-chT2D 1819"]
[Site "Slovakia"]
[Date "2019.04.07"]
[Round "11.5"]
[White "Matirko, Ervin"]
[Black "Panko, Eduard1111"]
[Result "0-1"]
[WhiteElo "1763"]
[BlackElo "1951"]
[PlyCount "98"]
[EventDate "2018.10.13"]
[EventType "team-tourn"]
[EventRounds "11"]
[EventCountry "SVK"]
[SourceTitle "EXT 2020"]
[Source "ChessBase"]
[SourceDate "2019.10.17"]
[SourceVersion "1"]
[SourceVersionDate "2019.10.17"]
[SourceQuality "1"]
[WhiteTeam "Moldava nad Bodvou"]
[BlackTeam "Stropkov/Svidnik"]
[WhiteTeamCountry "SVK"]
[BlackTeamCountry "SVK"]

1. d4 e6 2. c4 f5 3. Nc3 Nf6 4. g3 d5 5. Bg2 c6 6. cxd5 exd5 7. Nf3 Bd6 8. 0-0 0-0 9. Ne5 Bxe5 10. dxe5 Ng4 11. Qd4 Re8 12. f4 Nd7 13. Nxd5 cxd5 14. Qxd5+ Kh8 15. Rd1 Qb6+ 16. Rd4 Nc5 17. e3 Be6 18. Qf3 Rad8 19. h3 Nh6 20. Qe2 Ne4 21. Bxe4 Rxd4 22. exd4 Qxd4+ 23. Qe3 Qd1+ 24. Kf2 fxe4 25. Qxe4 Bxh3 26. g4 Bxg4 27. Qe1 Qf3+ 28. Kg1 Nf5 29. Qf2 Qd1+ 30. Qf1 Rd8 31. b3 Qxf1+ 32. Kxf1 Rd1+ 33. Kf2 Kg8 34. Bb2 Rxa1 35. Bxa1 Kf7 36. Ke1 Ke6 37. Kd2 h5 38. Ke1 h4 39. Kf2 h3 40. Bc3 g6 41. Bd2 Kd5 42. Bb4 Nd4 43. Bd2 Ke4 44. Kg3 Nf3 45. Bc1 Be6 46. Bb2 h2 47. Kg2 Bh3+ 48. Kh1 Kxf4 49. a4 Kg3 0-1

[Event "SVK-chT2D 0607"]
[Site "Slovakia"]
[Date "2007.03.17"]
[Round "10.5"]
[White "Andras, Tomas"]
[Black "Matirko, Ervin"]
[Result "1-0"]
[WhiteElo "1851"]
[BlackElo "1852"]
[PlyCount "73"]
[EventDate "2006.10.14"]
[EventType "team-tourn"]
[EventRounds "11"]
[EventCountry "SVK"]
[SourceTitle "EXT 2008"]
[Source "ChessBase"]
[SourceDate "2007.11.25"]
[SourceVersion "1"]
[SourceVersionDate "2007.11.25"]
[SourceQuality "1"]
[WhiteTeam "Kezmarok KdV II"]
[BlackTeam "Kosice DPMK"]
[WhiteTeamCountry "SVK"]
[BlackTeamCountry "SVK"]

1. e4 c6 2. d4 d5 3. e5 Bf5 4. Nf3 e6 5. Be2 Nd7 6. 0-0 c5 7. Re1 Qc7 8. Nc3 a6 9. Bf4 Ne7 10. Bg3 Nc6 11. Nxd5 exd5 12. e6 Bd6 13. exd7+ Kf8 14. dxc5 Bxg3 15. fxg3 Nb4 16. c3 Qxc5+ 17. Qd4 Nd3 18. Bxd3 Qxd4+ 19. Nxd4 Bxd3 20. Re3 Be4 21. Rf1 Rd8 22. Ne6+ Ke7 23. Ng5 f5 24. Rxf5 Kxd7 25. Nxe4 dxe4 26. Rxe4 Kc8 27. Re7 Rd1+ 28. Rf1 Rd2 29. Rxg7 Rxb2 30. Rff7 Rd8 31. h4 h5 32. Kh2 Rxa2 33. Kh3 Ra1 34. g4 Rb1 35. gxh5 a5 36. h6 Rh1+ 37. Kg3 1-0

[Event "SVK-chT2D 0607"]
[Site "Slovakia"]
[Date "2006.12.17"]
[Round "6.6"]
[White "Matirko, Ervin"]
[Black "Adzima, Miroslav"]
[Result "1-0"]
[WhiteElo "1852"]
[BlackElo "2042"]
[PlyCount "62"]
[EventDate "2006.10.14"]
[EventType "team-tourn"]
[EventRounds "11"]
[EventCountry "SVK"]
[SourceTitle "EXT 2008"]
[Source "ChessBase"]
[SourceDate "2007.11.25"]
[SourceVersion "1"]
[SourceVersionDate "2007.11.25"]
[SourceQuality "1"]
[WhiteTeam "Kosice DPMK"]
[BlackTeam "Presov PSK"]
[WhiteTeamCountry "SVK"]
[BlackTeamCountry "SVK"]

1. d4 Nf6 2. c4 g6 3. Nc3 Bg7 4. g3 0-0 5. Bg2 d6 6. Nf3 Nbd7 7. 0-0 e5 8. dxe5 dxe5 9. Qc2 c6 10. Rd1 Qe7 11. e4 Re8 12. h3 a5 13. Be3 Nc5 14. Nd2 Be6 15. Na4 Nxa4 16. Qxa4 Nd7 17. Qc2 a4 18. c5 Bf8 19. Rdc1 Ra5 20. Qc3 Rea8 21. f4 Nxc5 22. Nc4 Bxc4 23. Qxc4 Nd7 24. f5 Qb4 25. Qe2 Rb5 26. Qg4 Nf6 27. Qh4 Bg7 28. Bg5 Ne8 29. Be7 Qd4+ 30. Kh1 gxf5 31. Rd1 Qe3 1-0